Vista normal
Vista MARC
Entrada Geographic Name
Número de registros utilizados en: 1
001 - CONTROL NUMBER
- control field: 37874
003 - CONTROL NUMBER IDENTIFIER
- control field: OSt
005 - DATE AND TIME OF LATEST TRANSACTION
- control field: 20210525144311.0
008 - FIXED-LENGTH DATA ELEMENTS
- fixed length control field: 210525|| aca||aabn | a|a d
040 ## - CATALOGING SOURCE
- Original cataloging agency: OSt
- Transcribing agency: OSt
151 ## - HEADING--GEOGRAPHIC NAME
- Geographic name: España
- General subdivision: Banca rota
670 ## - SOURCE DATA FOUND
- Source citation: Work cat.: (OSt)7908: Goxens Duch, Antonio, 15789 autor, Suspensiones de pagos, quiebras y moratorias : , 1950